[Event "4NCL/Div2/SLOS1 vs. NWE2"]
[Site "West Bromwich ENG"]
[Date "2005.04.09"]
[Round "7.4"]
[White "Spence, David"]
[Black "Rees, Ioan"]
[Result "0-1"]
[WhiteElo "2240"]
[BlackElo "2218"]
[PlyCount "112"]
[EventDate "2005.04.09"]
[SourceDate "2004.09.21"]

1. e4 c5 2. c3 d5 3. exd5 Qxd5 4. d4 Nf6 5. Nf3 Bg4 6. Be2 e6 7. h3 Bh5 8. O-O
Nc6 9. c4 Qd8 10. dxc5 Bxc5 11. Nc3 O-O 12. a3 Qxd1 13. Rxd1 Rfd8 14. Rxd8+
Rxd8 15. b4 Bxf3 16. Bxf3 Bd4 17. Bb2 Bxf2+ 18. Kxf2 Rd2+ 19. Ke3 Rxb2 20. Rd1
Kf8 21. Bxc6 bxc6 22. Rd8+ Ne8 23. Ne4 Ke7 24. Rb8 Nd6 25. Kd4 e5+ 26. Kc3 Rxg2
27. Nxd6 Kxd6 28. a4 Rg3+ 29. Kc2 Rxh3 30. Ra8 h5 31. Rxa7 Rf3 32. a5 h4 33. a6
h3 34. Ra8 Kc7 35. c5 h2 36. Rh8 Ra3 37. Kb2 Rxa6 38. Rxh2 Ra8 39. Rf2 f6 40.
Kc3 Rd8 41. Ra2 Kb7 42. b5 Rd5 43. Kb4 Rd4+ 44. Ka5 Rc4 45. Rg2 g5 46. Rh2 Rxc5
47. Rh7+ Kb8 48. Kb6 Rxb5+ 49. Kxc6 Rb1 50. Rf7 Rf1 51. Rf8+ Ka7 52. Rf7+ Ka6
53. Rf8 Ka5 54. Kc5 Ka4 55. Kc4 Rf4+ 56. Kd5 Kb4 0-1

[Event "4NCL/Div2/SLOS1 vs. NWE2"]
[Site "West Bromwich ENG"]
[Date "2005.04.09"]
[Round "7.5"]
[White "Weber, Tom"]
[Black "Ruston, Mark R"]
[Result "1-0"]
[WhiteElo "2211"]
[BlackElo "2116"]
[PlyCount "79"]
[EventDate "2005.04.09"]
[SourceDate "2004.09.21"]

1. e4 e6 2. d4 d5 3. Nc3 Nf6 4. Bg5 Be7 5. e5 Nfd7 6. Bxe7 Qxe7 7. f4 a6 8. Nf3
c5 9. dxc5 Nc6 10. Bd3 Nxc5 11. O-O Bd7 12. Ne2 O-O-O 13. Ned4 Nxd4 14. Nxd4
Nxd3 15. Qxd3 Kb8 16. Rf3 f6 17. Re1 f5 18. Qa3 Qxa3 19. Rxa3 Rc8 20. Rg3 g6
21. Kf2 Rc4 22. Rd1 Rc7 23. Ke3 Bc8 24. h4 Rg7 25. h5 Rhg8 26. Nf3 gxh5 27.
Rxg7 Rxg7 28. Kf2 Bd7 29. g3 Be8 30. c4 Rd7 31. cxd5 exd5 32. Nd4 Bg6 33. Ke3
Kc7 34. Rc1+ Kd8 35. b4 Bf7 36. Nxf5 Rc7 37. Rxc7 Kxc7 38. Kd4 Kd7 39. Ne3 Kc6
40. f5 1-0

[Event "4NCL/Div2/SLOS1 vs. NWE2"]
[Site "West Bromwich ENG"]
[Date "2005.04.09"]
[Round "7.6"]
[White "Savory, Richard J"]
[Black "Talbot, Andrew"]
[Result "1/2-1/2"]
[WhiteElo "2104"]
[BlackElo "2179"]
[PlyCount "94"]
[EventDate "2005.04.09"]
[SourceDate "2004.09.21"]

1. e4 c5 2. Nf3 d6 3. d4 cxd4 4. Nxd4 Nf6 5. Nc3 a6 6. f4 Qc7 7. Bd3 g6 8. Nf3
Nbd7 9. O-O Bg7 10. Kh1 e6 11. Qe1 O-O 12. Qh4 b5 13. a3 Bb7 14. f5 d5 15. fxe6
fxe6 16. exd5 exd5 17. Bh6 Nc5 18. Bxg7 Qxg7 19. a4 bxa4 20. Nxa4 Nce4 21. Ng5
Rae8 22. Bxe4 Nxe4 23. Rxf8+ Rxf8 24. Ne6 Qf6 25. Qxf6 Rxf6 26. Nec5 Bc6 27.
Nxe4 dxe4 28. Kg1 e3 29. Nc3 Bb7 30. Re1 Re6 31. Nd1 Rd6 32. Nxe3 Rd2 33. Kf1
Bc6 34. Re2 Bb5 35. c4 Rxe2 36. Kxe2 Bc6 37. Kd2 Kf7 38. b4 Ke6 39. Ke2 Ke5 40.
Kd3 Be4+ 41. Kc3 Bc6 42. Kd2 Ke4 43. Nc2 h5 44. Kc3 Kf4 45. g3+ Kg4 46. Kd4 Kh3
47. Ke3 Kxh2 1/2-1/2

[Event "4NCL/Div2/SLOS1 vs. NWE2"]
[Site "West Bromwich ENG"]
[Date "2005.04.09"]
[Round "7.7"]
[White "Richmond, Robert J"]
[Black "Hanley, James"]
[Result "0-1"]
[WhiteElo "2257"]
[BlackElo "2067"]
[PlyCount "76"]
[EventDate "2005.04.09"]
[SourceDate "2004.09.21"]

1. d4 Nf6 2. c4 g6 3. Nc3 Bg7 4. e4 d6 5. f4 O-O 6. Nf3 c5 7. d5 e6 8. Be2 exd5
9. cxd5 Bg4 10. O-O Re8 11. h3 Bxf3 12. Bxf3 Nbd7 13. Re1 a6 14. a4 Rb8 15. g4
h6 16. h4 Nh7 17. g5 f6 18. gxh6 Bxh6 19. Qe2 g5 20. Bg4 Kh8 21. Be6 gxf4 22.
Qh5 Rxe6 23. dxe6 Qg8+ 24. Kf1 Qg3 25. Ne2 Qh3+ 26. Kf2 Ne5 27. Rd1 f3 28. Bxh6
Qg2+ 29. Ke3 Qxe2+ 30. Kf4 Qh2+ 31. Ke3 Qe2+ 32. Kf4 Rg8 33. e7 Qh2+ 34. Ke3
Nc4+ 35. Kd3 Qe2+ 36. Kc3 b5 37. e8=Q Qxb2+ 38. Kd3 Qb3# 0-1

[Event "4NCL/Div2/SLOS1 vs. NWE2"]
[Site "West Bromwich ENG"]
[Date "2005.04.09"]
[Round "7.8"]
[White "Milligan, Helen"]
[Black "Barraclough, Stephanie"]
[Result "1-0"]
[WhiteElo "2072"]
[BlackElo "1922"]
[PlyCount "81"]
[EventDate "2005.04.09"]
[SourceDate "2004.09.21"]

1. e4 d6 2. d4 Nf6 3. Nc3 c6 4. f4 Qa5 5. Bd3 d5 6. e5 Ne4 7. Bd2 Nxd2 8. Qxd2
e6 9. Nf3 Bd7 10. Ne2 Qxd2+ 11. Kxd2 c5 12. c3 Nc6 13. g4 Be7 14. h4 O-O-O 15.
Ng5 Be8 16. Raf1 h6 17. Nf3 Kd7 18. dxc5 Bxc5 19. Ned4 a6 20. b4 Bb6 21. Rb1
Ke7 22. Nxc6+ bxc6 23. Nd4 Bxd4 24. cxd4 Bd7 25. Rhc1 Ra8 26. Rc5 Rhb8 27. a3
Rb6 28. Rbc1 Rab8 29. Ke3 R8b7 30. f5 Rb8 31. Rf1 Ra8 32. f6+ gxf6 33. Rxf6 Rh8
34. Kf4 Bc8 35. Kg3 Bd7 36. h5 Kf8 37. Ra5 Kg7 38. Kh4 Bc8 39. Rc5 Bd7 40. g5
Be8 41. Ra5 1-0

[Event "4NCL/Div2/WWKS1 vs. BAR2"]
[Site "West Bromwich ENG"]
[Date "2005.04.09"]
[Round "7.1"]
[White "Wu, Li"]
[Black "Berry, Neil"]
[Result "1/2-1/2"]
[WhiteElo "2262"]
[BlackElo "2257"]
[PlyCount "47"]
[EventDate "2005.04.09"]
[SourceDate "2004.09.21"]

1. d4 d5 2. c4 c6 3. Nf3 Nf6 4. Nc3 dxc4 5. a4 Bf5 6. Ne5 Nbd7 7. Nxc4 Nb6 8.
Ne5 a5 9. f3 Nfd7 10. Nxd7 Nxd7 11. e4 Bg6 12. Be3 Qb6 13. Qd2 e5 14. dxe5 Bc5
15. Bxc5 Qxc5 16. Qf2 Qxf2+ 17. Kxf2 Nxe5 18. Be2 f6 19. Rhd1 Ke7 20. Rd4 Rhd8
21. Rad1 Rxd4 22. Rxd4 Nd7 23. f4 Bf7 24. Bc4 1/2-1/2

[Event "4NCL/Div2/WWKS1 vs. BAR2"]
[Site "West Bromwich ENG"]
[Date "2005.04.09"]
[Round "7.2"]
[White "Pritchett, Craig W"]
[Black "Dighton, Simon"]
[Result "1/2-1/2"]
[WhiteElo "2258"]
[BlackElo "2243"]
[PlyCount "149"]
[EventDate "2005.04.09"]
[SourceDate "2004.09.21"]

1. c4 Nf6 2. Nc3 e6 3. d4 Bb4 4. e3 O-O 5. Nge2 d5 6. a3 Be7 7. cxd5 exd5 8. g3
Ne4 9. Bg2 Nxc3 10. Nxc3 c6 11. O-O a5 12. Re1 Nd7 13. b3 Nf6 14. Bb2 Bg4 15.
f3 Be6 16. Na4 Nd7 17. Qc2 Rc8 18. Nc5 Nxc5 19. dxc5 Bf6 20. Rad1 Bxb2 21. Qxb2
b6 22. Qd4 Rb8 23. Rb1 Bf5 24. Rb2 bxc5 25. Qxc5 Qf6 26. Qd4 Qe7 27. b4 axb4
28. axb4 c5 29. bxc5 Rxb2 30. Qxb2 Qxc5 31. Qe5 Be6 32. f4 g6 33. Rd1 Rd8 34.
h3 h5 35. Kh2 Qc2 36. Qd4 Ra8 37. Rd2 Qc1 38. Rd1 Qc2 39. Rd2 Qc1 40. Rf2 Ra1
41. Rf1 Qxf1 42. Bxf1 Rxf1 43. g4 hxg4 44. hxg4 Bxg4 45. Qxd5 Rd1 46. Qb3 Rd8
47. e4 Be6 48. Qc3 Re8 49. Kg3 Bd7 50. Qc7 Be6 51. Kh4 f6 52. e5 fxe5 53. Kg5
Bf7 54. fxe5 Kg7 55. Qd6 Re6 56. Qd4 Bg8 57. Qf4 Bf7 58. Qh2 Re8 59. Qh6+ Kg8
60. Kf4 Re6 61. Ke4 Re8 62. Qg5 Re6 63. Qd8+ Re8 64. Qd4 Re6 65. Qb2 Kg7 66.
Kf4 Bg8 67. Kg5 Bf7 68. Qc3 Bg8 69. Qc7+ Bf7 70. Qb8 Re8 71. Qb2 Re6 72. Qh2
Re8 73. Qh6+ Kg8 74. Kf4 Re6 75. Qg5 1/2-1/2

[Event "4NCL/Div2/WWKS1 vs. BAR2"]
[Site "West Bromwich ENG"]
[Date "2005.04.09"]
[Round "7.3"]
[White "Thomas, Nicholas"]
[Black "Taylor, Martin R"]
[Result "1/2-1/2"]
[WhiteElo "2216"]
[BlackElo "2308"]
[PlyCount "29"]
[EventDate "2005.04.09"]
[SourceDate "2004.09.21"]

1. e4 e5 2. Nf3 Nc6 3. d4 exd4 4. Bc4 Bc5 5. O-O d6 6. c3 Nf6 7. cxd4 Bb6 8.
Nc3 Bg4 9. Be3 O-O 10. Qd3 Nb4 11. Qd1 d5 12. Qb3 Bxf3 13. gxf3 Nc6 14. Bxd5
Nxd5 15. Nxd5 1/2-1/2

[Event "4NCL/Div2/WWKS1 vs. BAR2"]
[Site "West Bromwich ENG"]
[Date "2005.04.09"]
[Round "7.4"]
[White "Coleman, David"]
[Black "Hynes, Anthony"]
[Result "0-1"]
[WhiteElo "2256"]
[BlackElo "2247"]
[PlyCount "63"]
[EventDate "2005.04.09"]
[SourceDate "2004.09.21"]

1. e4 e5 2. Nf3 Nc6 3. d4 exd4 4. Bc4 Nf6 5. e5 d5 6. Bb5 Ne4 7. Nxd4 Bd7 8.
Bxc6 bxc6 9. O-O Bc5 10. f3 Ng5 11. f4 Ne4 12. Be3 Bb6 13. Re1 c5 14. Nb3 d4
15. Bc1 Bc6 16. N3d2 Nxd2 17. Nxd2 O-O 18. a4 Qd5 19. Qg4 c4 20. Ne4 d3+ 21.
Kh1 Kh8 22. c3 Rae8 23. Bd2 f5 24. exf6 gxf6 25. Nxf6 Rxf6 26. Rxe8+ Bxe8 27.
Re1 Bc6 28. Re7 Rg6 29. Qc8+ Rg8 30. Rxh7+ Kxh7 31. Qh3+ Kg7 32. f5 {time} 0-1

[Event "4NCL/Div2/WWKS1 vs. BAR2"]
[Site "West Bromwich ENG"]
[Date "2005.04.09"]
[Round "7.5"]
[White "James, Russell A"]
[Black "Cox, John J"]
[Result "1/2-1/2"]
[WhiteElo "2226"]
[BlackElo "2322"]
[PlyCount "142"]
[EventDate "2005.04.09"]
[SourceDate "2004.09.21"]

1. e4 Nf6 2. Nc3 d5 3. exd5 Nxd5 4. Bc4 Nb6 5. Bb3 Nc6 6. Qf3 e6 7. Nge2 Be7 8.
O-O O-O 9. d3 Na5 10. Qg3 Nxb3 11. axb3 Bd6 12. Bf4 Bxf4 13. Qxf4 Bd7 14. Ra5
f6 15. Qe3 Re8 16. b4 a6 17. h4 c6 18. Qg3 Nd5 19. Nxd5 cxd5 20. h5 h6 21. Nf4
d4 22. c4 Qb6 23. Rc5 Rac8 24. Rxc8 Bxc8 25. Qg6 Rf8 26. Qe4 Bd7 27. Ne2 e5 28.
Ng3 Re8 29. Qd5+ Be6 30. Qc5 Qxc5 31. bxc5 Rc8 32. b4 a5 33. Rb1 axb4 34. Rxb4
Rc7 35. Ne4 Bd7 36. Nd6 Bc6 37. Rb1 Kf8 38. Ra1 Ke7 39. Ra8 b6 40. Rc8 Kd7 41.
Rg8 bxc5 42. Nf5 Ke6 43. Rxg7 Rd7 44. g4 Rxg7 45. Nxg7+ Kf7 46. Nf5 Bf3 47. Kf1
Kg8 48. Nxh6+ Kh7 49. Nf7 Bxg4 50. Nd8 Bxh5 51. Nb7 Kg6 52. Nxc5 Kf5 53. Ke1
Bf3 54. Kd2 Bg2 55. Ke2 Bc6 56. Nb3 Ke6 57. Nc5+ Kd6 58. Nb3 Ba4 59. Nd2 Bc6
60. Nb3 Ba4 61. Nd2 f5 62. Nf3 Bd7 63. Nd2 Be8 64. Nb3 Ba4 65. Nd2 Kc5 66. Nf3
e4 67. Ng5 Bc2 68. Ne6+ Kd6 69. Nxd4 Bxd3+ 70. Ke3 Ke5 71. Nxf5 Kxf5 1/2-1/2

[Event "4NCL/Div2/WWKS1 vs. BAR2"]
[Site "West Bromwich ENG"]
[Date "2005.04.09"]
[Round "7.6"]
[White "Taylor, Peter"]
[Black "Pitcher, John"]
[Result "1/2-1/2"]
[WhiteElo "2237"]
[BlackElo "2180"]
[PlyCount "59"]
[EventDate "2005.04.09"]
[SourceDate "2004.09.21"]

1. c4 e5 2. g3 Nf6 3. Bg2 c6 4. d4 exd4 5. Qxd4 d5 6. cxd5 cxd5 7. Nf3 Nc6 8.
Qa4 Bc5 9. O-O O-O 10. Bg5 Be6 11. Nc3 h6 12. Bxf6 Qxf6 13. Rad1 Bb6 14. Ne1
Rad8 15. Nd3 d4 16. Ne4 Qe7 17. Nf4 Bc8 18. Qb3 Kh8 19. Nd5 Qe6 20. Nxb6 Qxb3
21. axb3 axb6 22. Nd2 Rfe8 23. Rfe1 Bg4 24. Nf3 Re7 25. Rd2 Be6 26. Rd3 Bf5 27.
Rd2 Be6 28. Rd3 Bf5 29. Rd2 Be6 30. Rd3 1/2-1/2

[Event "4NCL/Div2/WWKS1 vs. BAR2"]
[Site "West Bromwich ENG"]
[Date "2005.04.09"]
[Round "7.7"]
[White "Hunt, Malcolm A"]
[Black "Rogers, Jonathan W (res)"]
[Result "1/2-1/2"]
[WhiteElo "2143"]
[BlackElo "2340"]
[PlyCount "91"]
[EventDate "2005.04.09"]
[SourceDate "2004.09.21"]

1. d4 f5 2. Bg5 g6 3. Nc3 Bg7 4. e4 fxe4 5. Nxe4 d5 6. Ng3 Qd6 7. c3 Nh6 8. Qd2
Nf7 9. Bf4 e5 10. dxe5 Nxe5 11. O-O-O O-O 12. Bxe5 Bxe5 13. Qxd5+ Be6 14. Qxd6
cxd6 15. Nf3 Bf4+ 16. Kc2 Nc6 17. b3 Rac8 18. Be2 Rc7 19. Kb1 a5 20. Rhe1 Ne5
21. c4 a4 22. Nd4 Bd7 23. Ne4 axb3 24. axb3 Bh6 25. f3 b6 26. Nxd6 Ra7 27. N6b5
Ra5 28. Kb2 Bg7 29. Nc3 Rc8 30. f4 Nc6 31. Ndb5 Be8 32. Bf3 Nb4 33. Nd4 Rd8 34.
Bd5+ Bf7 35. Re7 Nxd5 36. cxd5 Bf6 37. Nc6 Bxe7 38. Nxe7+ Kf8 39. Nc6 Rdxd5 40.
Rxd5 Rxd5 41. Nxd5 Bxd5 42. Ne5 Bxg2 43. Nd7+ Ke7 44. Nxb6 Kf6 45. Nc4 g5 46.
fxg5+ 1/2-1/2

[Event "4NCL/Div2/WWKS1 vs. BAR2"]
[Site "West Bromwich ENG"]
[Date "2005.04.09"]
[Round "7.8"]
[White "Kieran, Rosalind"]
[Black "Chevannes, Sabrina"]
[Result "1/2-1/2"]
[WhiteElo "2081"]
[BlackElo "2089"]
[PlyCount "51"]
[EventDate "2005.04.09"]
[SourceDate "2004.09.21"]

1. e4 c6 2. d4 d5 3. Nc3 g6 4. h3 Bg7 5. Nf3 Nh6 6. Bf4 f6 7. exd5 cxd5 8. Bxb8
Rxb8 9. Bb5+ Bd7 10. Qe2 a6 11. Bxd7+ Qxd7 12. O-O O-O 13. Rfe1 Rfe8 14. Qe6+
Qxe6 15. Rxe6 Kf7 16. Rae1 Rbd8 17. Na4 Nf5 18. Nb6 Bh6 19. g3 Ng7 20. R6e2 e6
21. Na4 a5 22. Nc5 b6 23. Nd3 Nf5 24. Kg2 Nd6 25. Nh2 g5 26. Ng4 1/2-1/2

[Event "4NCL/Div2/MIN1 vs. WRO"]
[Site "West Bromwich ENG"]
[Date "2005.04.09"]
[Round "7.1"]
[White "Bellin, Robert"]
[Black "Dunnington, Angus J"]
[Result "1/2-1/2"]
[WhiteElo "2397"]
[BlackElo "2386"]
[PlyCount "29"]
[EventDate "2005.04.09"]
[SourceDate "2004.09.21"]

1. e4 d6 2. d4 g6 3. Nc3 a6 4. f4 b5 5. Nf3 Nd7 6. Bd3 Bb7 7. e5 e6 8. Ne4 c5
9. c3 Rc8 10. Be3 cxd4 11. Bxd4 Bxe4 12. Bxe4 d5 13. Bd3 Nc5 14. Bc2 Ne7 15.
O-O 1/2-1/2

[Event "4NCL/Div2/MIN1 vs. WRO"]
[Site "West Bromwich ENG"]
[Date "2005.04.09"]
[Round "7.2"]
[White "Yepes, Eduardo"]
[Black "McFarland, Robert S"]
[Result "1-0"]
[WhiteElo "2283"]
[BlackElo "2282"]
[PlyCount "109"]
[EventDate "2005.04.09"]
[SourceDate "2004.09.21"]

1. d4 g6 2. e4 Bg7 3. Nc3 d6 4. g3 Nc6 5. Be3 Nf6 6. h3 O-O 7. Bg2 e5 8. Nge2
exd4 9. Nxd4 Nxd4 10. Bxd4 Re8 11. O-O Bd7 12. Qd3 Bc6 13. b4 a6 14. a4 b6 15.
a5 b5 16. f4 Nd7 17. Bxg7 Kxg7 18. Rad1 Qc8 19. e5 Qb7 20. Bxc6 Qxc6 21. exd6
cxd6 22. Nd5 Rac8 23. Qd4+ f6 24. Rf2 Qb7 25. Rfd2 Rc4 26. Qf2 Kf7 27. Ne3 Rxb4
28. Rxd6 Nf8 29. Nd5 Rbe4 30. Rxf6+ Kg7 31. Rb6 Qc8 32. Nf6 R8e7 33. Nxe4 Rxe4
34. Re1 Rxe1+ 35. Qxe1 Qxc2 36. Qe5+ Kg8 37. Qd5+ Kh8 38. Rb7 Qc1+ 39. Kf2 Qb2+
40. Kf3 Qc3+ 41. Kf2 Qc2+ 42. Kf3 Qc3+ 43. Kg4 Qc8+ 44. Kh4 g5+ 45. Kxg5 h6+
46. Kh4 Ng6+ 47. Kh5 Nxf4+ 48. gxf4 Qxh3+ 49. Kg6 Qg4+ 50. Kxh6 Qxf4+ 51. Kg6
Qg4+ 52. Kf6 Qf4+ 53. Ke6 Qg4+ 54. Kd6 Qg6+ 55. Kc7 1-0

[Event "4NCL/Div2/MIN1 vs. WRO"]
[Site "West Bromwich ENG"]
[Date "2005.04.09"]
[Round "7.3"]
[White "Bae, Torstein"]
[Black "Gayson, Peter M"]
[Result "1-0"]
[WhiteElo "2273"]
[BlackElo "2234"]
[PlyCount "111"]
[EventDate "2005.04.09"]
[SourceDate "2004.09.21"]

1. e4 c5 2. Nf3 e6 3. c3 d5 4. e5 d4 5. Bb5+ Bd7 6. Bxd7+ Qxd7 7. O-O Nc6 8. c4
Nge7 9. d3 Ng6 10. Re1 O-O-O 11. a3 f6 12. b4 Ncxe5 13. Nxe5 Nxe5 14. Bf4 Nf7
15. bxc5 Bxc5 16. Nd2 g5 17. Ne4 Be7 18. Qh5 Rdf8 19. Bd2 Ne5 20. Qe2 Nc6 21.
Rab1 Rhg8 22. Rb5 a6 23. Rb3 f5 24. Ng3 f4 25. Nf1 Rg6 26. Bb4 g4 27. Bxe7 Qxe7
28. Qe4 Rf5 29. Rb6 Qc7 30. Reb1 Rgf6 31. Nd2 Re5 32. Rxc6 bxc6 33. Qxd4 c5 34.
Qb2 g3 35. Ne4 gxh2+ 36. Kxh2 f3 37. g3 Rh6+ 38. Kg1 Reh5 39. Qh8+ Kd7 40. Nf6+
Rxf6 41. Qxf6 Rf5 42. Qg7+ Kd6 43. Qh8 Rf7 44. d4 cxd4 45. Qxd4+ Ke7 46. c5 Rf5
47. Qg7+ Rf7 48. Qg5+ Rf6 49. Rb6 a5 50. Qh4 h6 51. Qe4 Qxc5 52. Qh7+ Rf7 53.
Rb7+ Kd6 54. Qxf7 Qc1+ 55. Kh2 Qf1 56. Qxf3 1-0

[Event "4NCL/Div2/MIN1 vs. WRO"]
[Site "West Bromwich ENG"]
[Date "2005.04.09"]
[Round "7.4"]
[White "Adams, David M"]
[Black "Richards, Heather"]
[Result "1/2-1/2"]
[WhiteElo "2207"]
[BlackElo "2183"]
[PlyCount "118"]
[EventDate "2005.04.09"]
[SourceDate "2004.09.21"]

1. e4 e6 2. d4 d5 3. Nd2 Be7 4. Bd3 c5 5. dxc5 Nf6 6. Qe2 O-O 7. Ngf3 a5 8. c3
Na6 9. e5 Nd7 10. Bc2 Naxc5 11. Nd4 f5 12. b4 axb4 13. cxb4 Nxe5 14. bxc5 Bf6
15. O-O Nc6 16. Nxc6 bxc6 17. Rb1 Rxa2 18. Bb3 Ra5 19. Nf3 Re8 20. Qc2 Qe7 21.
Be3 e5 22. Rfc1 Kh8 23. Ba4 Qc7 24. Rb6 Bd7 25. Rcb1 Ra7 26. Bg5 e4 27. Bxf6
exf3 28. Bg5 Qe5 29. gxf3 f4 30. h4 Bf5 31. Qb2 Qxb2 32. R1xb2 Rxa4 33. Rb8 Ra8
34. R8b7 Bd3 35. Bxf4 h6 36. Be3 Ra4 37. Rd2 Bb5 38. Bd4 Rg8 39. f4 Raa8 40.
Kh2 Raf8 41. Kg3 Kh7 42. h5 Ba6 43. Rc7 Rc8 44. Rd7 Rcd8 45. Rc7 Rc8 46. Rxc8
Rxc8 47. Ra2 Ra8 48. f5 Bb7 49. Rxa8 Bxa8 50. Kf4 Bb7 51. Ke5 Ba6 52. f6 gxf6+
53. Kxf6 Be2 54. Ke6 Kg8 55. Be3 Bxh5 56. Bxh6 Bf3 57. Be3 d4 58. Bxd4 Kf8 59.
Bf6 Bd5+ 1/2-1/2

[Event "4NCL/Div2/MIN1 vs. WRO"]
[Site "West Bromwich ENG"]
[Date "2005.04.09"]
[Round "7.5"]
[White "Kafka, Graeme"]
[Black "Cumbers, Paul"]
[Result "0-1"]
[WhiteElo "2132"]
[BlackElo "2118"]
[PlyCount "64"]
[EventDate "2005.04.09"]
[SourceDate "2004.09.21"]

1. e4 e6 2. d4 d5 3. e5 c5 4. c3 Nc6 5. Nf3 Bd7 6. Be2 f6 7. O-O Qc7 8. Bf4
Nge7 9. Bg3 Qb6 10. Na3 Nf5 11. exf6 gxf6 12. dxc5 Bxc5 13. b4 Nxg3 14. hxg3
Be7 15. Nc2 O-O-O 16. a4 Ne5 17. a5 Qd6 18. Qd4 Kb8 19. b5 Be8 20. Nb4 Nxf3+
21. gxf3 e5 22. Qe3 d4 23. Qh6 dxc3 24. Rfb1 Bg6 25. Rb3 Qe6 26. Raa3 c2 27.
Nc6+ bxc6 28. bxc6+ Ka8 29. Ba6 Bxa3 30. Bb7+ Kb8 31. c7+ Kxc7 32. Qg7+ Be7 0-1

[Event "4NCL/Div2/MIN1 vs. WRO"]
[Site "West Bromwich ENG"]
[Date "2005.04.09"]
[Round "7.6"]
[White "Barrett, Steve J"]
[Black "Muter, Donny"]
[Result "1/2-1/2"]
[WhiteElo "2181"]
[BlackElo "2118"]
[PlyCount "53"]
[EventDate "2005.04.09"]
[SourceDate "2004.09.21"]

1. d4 d6 2. Nf3 Bg4 3. c4 Nd7 4. Nc3 c6 5. g3 e5 6. Bg2 Ngf6 7. O-O Be7 8. Qc2
Bxf3 9. Bxf3 exd4 10. Ne4 Qc7 11. b4 O-O 12. Rd1 Nxe4 13. Bxe4 Nf6 14. Rxd4
Nxe4 15. Rxe4 Bf6 16. Bb2 Bxb2 17. Qxb2 Rfe8 18. Rg4 g6 19. Rd1 Rad8 20. Qd2
Qe7 21. e3 c5 22. h4 Qe6 23. Rf4 b6 24. a3 Re7 25. bxc5 bxc5 26. Kh2 Qe5 27.
Qc1 1/2-1/2

[Event "4NCL/Div2/MIN1 vs. WRO"]
[Site "West Bromwich ENG"]
[Date "2005.04.09"]
[Round "7.7"]
[White "Hagesaether, Arne"]
[Black "Arnott, Jonathan W"]
[Result "0-1"]
[WhiteElo "2177"]
[BlackElo "2126"]
[PlyCount "82"]
[EventDate "2005.04.09"]
[SourceDate "2004.09.21"]

1. e4 e6 2. d4 d5 3. Nc3 Nf6 4. e5 Nfd7 5. Nce2 c5 6. c3 b5 7. f4 b4 8. cxb4
cxb4 9. Nf3 Ba6 10. g4 Be7 11. Ng3 Bxf1 12. Rxf1 Nc6 13. Qd3 b3 14. Qxb3 Bb4+
15. Kf2 Rb8 16. Kg2 Bd2 17. Qc2 Bxc1 18. Rfxc1 Nb4 19. Qd2 a5 20. a3 Na6 21.
Rc2 O-O 22. Qd3 Rb6 23. Ng5 g6 24. Rac1 Qb8 25. Ne2 h6 26. Nf3 Qb7 27. h4 Rb3
28. Qd2 Nb6 29. f5 Kh7 30. f6 Nc4 31. Qf4 Ne3+ 32. Kf2 Nxc2 33. Ng5+ hxg5 34.
hxg5 Rh3 35. Rxc2 Qb3 36. Rd2 Rh8 37. Ng1 Rh1 38. Nf3 Kg8 39. Re2 R8h3 40. Kg2
Rxf3 41. Qd2 Rfh3 0-1

[Event "4NCL/Div2/MIN1 vs. WRO"]
[Site "West Bromwich ENG"]
[Date "2005.04.09"]
[Round "7.8"]
[White "Guo, Xi-Yang"]
[Black "Almond, Richard"]
[Result "0-1"]
[WhiteElo "1885"]
[BlackElo "2141"]
[PlyCount "68"]
[EventDate "2005.04.09"]
[SourceDate "2004.09.21"]

1. e4 d5 2. exd5 Qxd5 3. Nc3 Qa5 4. d4 c6 5. Bc4 Bf5 6. Nge2 e6 7. O-O Bd6 8.
Bf4 Bxf4 9. Nxf4 Nf6 10. Re1 O-O 11. h3 Nbd7 12. g4 Bg6 13. h4 e5 14. Nxg6 hxg6
15. g5 Nh5 16. Qg4 Rad8 17. Rad1 exd4 18. Qxd4 b5 19. Re7 bxc4 20. Rxd7 Rxd7
21. Qxd7 Qb6 22. Na4 Qa6 23. Nc3 Qb6 24. Na4 Qa6 25. b3 cxb3 26. cxb3 Qe2 27.
Nc3 Qf3 28. Rd3 Qf4 29. Qd4 Qf5 30. Qe4 Qc8 31. Rd6 Re8 32. Qc4 Qh3 33. Ne2 Qf3
34. Kf1 Rxe2 0-1

[Event "4NCL/Div2/SWD1 vs. PYO"]
[Site "West Bromwich ENG"]
[Date "2005.04.09"]
[Round "7.1"]
[White "Cooper, John G"]
[Black "Rendle, Thomas E"]
[Result "1/2-1/2"]
[WhiteElo "2346"]
[BlackElo "2396"]
[PlyCount "56"]
[EventDate "2005.04.09"]
[SourceDate "2004.09.21"]

1. d4 f5 2. g3 Nf6 3. Bg2 g6 4. c4 Bg7 5. Nc3 d6 6. Nf3 O-O 7. O-O c6 8. Rb1
Ne4 9. Nxe4 fxe4 10. Nd2 d5 11. e3 Kh8 12. b4 Bf5 13. b5 Nd7 14. Ba3 Nf6 15.
bxc6 bxc6 16. Qa4 Bd7 17. Bc5 Rf7 18. Rb7 a6 19. Rfb1 Qc8 20. Qb3 Qf8 21. h3
Bc8 22. Rc7 Ne8 23. Rxc6 Bd7 24. cxd5 Rxf2 25. Nxe4 Rxg2+ 26. Kxg2 Qf5 27. Nf2
Nf6 28. Rxf6 Qxf6 1/2-1/2

[Event "4NCL/Div2/SWD1 vs. PYO"]
[Site "West Bromwich ENG"]
[Date "2005.04.09"]
[Round "7.2"]
[White "Bigg, Andrew J"]
[Black "Cobb, James E"]
[Result "1-0"]
[WhiteElo "2263"]
[BlackElo "2346"]
[PlyCount "57"]
[EventDate "2005.04.09"]
[SourceDate "2004.09.21"]

1. d4 e6 2. Nf3 Nf6 3. e3 c5 4. Bd3 b6 5. O-O Bb7 6. c4 Be7 7. Nc3 cxd4 8. exd4
d5 9. cxd5 Nxd5 10. Ne5 O-O 11. Qg4 Nxc3 12. bxc3 Bf6 13. Qh3 g6 14. Ba3 Be7
15. Bxe7 Qxe7 16. Rae1 Nd7 17. f4 Rac8 18. Re3 f5 19. Bc2 Nf6 20. Bb3 Ne4 21.
Rd1 Kg7 22. c4 Rfd8 23. g4 Rd6 24. g5 Rcd8 25. Qh6+ Kg8 26. Red3 Ba8 27. c5
bxc5 28. Nxg6 Qg7 29. dxc5 1-0

[Event "4NCL/Div2/SWD1 vs. PYO"]
[Site "West Bromwich ENG"]
[Date "2005.04.09"]
[Round "7.3"]
[White "Jones, Richard S"]
[Black "Dorrington, Christopher"]
[Result "1/2-1/2"]
[WhiteElo "2320"]
[BlackElo "2194"]
[PlyCount "49"]
[EventDate "2005.04.09"]
[SourceDate "2004.09.21"]

1. e4 c5 2. Nf3 e6 3. d4 cxd4 4. Nxd4 Nf6 5. Nc3 d6 6. Bc4 Be7 7. Be3 O-O 8. g4
d5 9. exd5 exd5 10. Be2 Nc6 11. g5 Ne4 12. Nxe4 dxe4 13. Nxc6 bxc6 14. Qxd8
Rxd8 15. O-O Be6 16. b3 a5 17. Rad1 a4 18. Rxd8+ Rxd8 19. f3 axb3 20. axb3 exf3
21. Bxf3 c5 22. Ra1 c4 23. bxc4 Bxc4 24. Ra4 Bd5 25. Bxd5 1/2-1/2

[Event "4NCL/Div2/SWD1 vs. PYO"]
[Site "West Bromwich ENG"]
[Date "2005.04.09"]
[Round "7.4"]
[White "Bennet, William D"]
[Black "Dineley, Richard D P"]
[Result "1/2-1/2"]
[WhiteElo "2116"]
[BlackElo "2299"]
[PlyCount "34"]
[EventDate "2005.04.09"]
[SourceDate "2004.09.21"]

1. d4 Nf6 2. c4 g6 3. Nc3 d5 4. Nf3 Bg7 5. Qb3 dxc4 6. Qxc4 O-O 7. e4 Nc6 8.
Be2 Bg4 9. Be3 Bxf3 10. Bxf3 e5 11. d5 Nd4 12. O-O c6 13. Bxd4 exd4 14. Ne2
cxd5 15. exd5 Qb6 16. Qxd4 Qxd4 17. Nxd4 Nxd5 1/2-1/2

[Event "4NCL/Div2/SWD1 vs. PYO"]
[Site "West Bromwich ENG"]
[Date "2005.04.09"]
[Round "7.5"]
[White "James, David J"]
[Black "Eckersley-Waites, Adam"]
[Result "1/2-1/2"]
[WhiteElo "2236"]
[BlackElo "2099"]
[PlyCount "64"]
[EventDate "2005.04.09"]
[SourceDate "2004.09.21"]

1. Nf3 Nf6 2. c4 e6 3. Nc3 c5 4. d4 cxd4 5. Nxd4 Nc6 6. e4 Qc7 7. Be2 a6 8. Be3
Be7 9. O-O d6 10. Rc1 Nxd4 11. Qxd4 O-O 12. Rfd1 Bd7 13. f3 Rfd8 14. Qd2 h6 15.
Qe1 Rac8 16. Qf2 Qb8 17. Bb6 Re8 18. f4 Bc6 19. Bf3 Nd7 20. Ba7 Qa8 21. Be3 b5
22. cxb5 axb5 23. e5 b4 24. exd6 Bxf3 25. Qxf3 Qxf3 26. gxf3 bxc3 27. dxe7 cxb2
28. Rxc8 Rxc8 29. Bd4 Nf6 30. Bxb2 Nd5 31. a3 Re8 32. f5 Nxe7 1/2-1/2

[Event "4NCL/Div2/SWD1 vs. PYO"]
[Site "West Bromwich ENG"]
[Date "2005.04.09"]
[Round "7.7"]
[White "Blackburn, Jonathan L B"]
[Black "Hillman, Jamie O"]
[Result "1-0"]
[WhiteElo "2179"]
[BlackElo "1980"]
[PlyCount "35"]
[EventDate "2005.04.09"]
[SourceDate "2004.09.21"]

1. d4 Nf6 2. c4 e6 3. Nc3 Bb4 4. Nf3 b6 5. Bg5 Bb7 6. e3 c5 7. Bd3 h6 8. Bh4 d6
9. O-O O-O 10. Ne4 g5 11. Nexg5 hxg5 12. Nxg5 Nbd7 13. a3 Ba5 14. Nh7 Re8 15.
Nxf6+ Nxf6 16. e4 cxd4 17. b4 Kg7 18. Qc1 1-0